000
00381nam a2200145Ia 4500
008
100122s9999 xx 000 0 und d
082
_b
13353
_a
823.08
100
_a
कर्णिक मधु मंगेश
245
_a
गुंजा
260
_b
श.स.डोळे
_c
1965
300
_a
169
630
_a
गुंजा
730
_a
गुंजा
942
_c
BOOK
999
_c
404182
_d
404179